000 00802nam a2200205 u 4500
001 000665208
003 AM-YEHGA
005 20250617164557.0
008 090609s1962 ru | |||||||||||||rus|d
040 _aAM-YeHGA
041 0 _arus
100 1 _aТолпекин, Стефан Захарович
245 1 0 _aКомплексная механизация сельского хозяйства :
_b(Вопросы экономической эффективности) /
_cС.З. Толпекин.
260 _aМосква :
_bЭкономиздат,
_c1962.
300 _a140 с.
504 _aБиблиогр. в подстроч. примеч.
650 1 4 _aСельское хозяйство
_xМеханизация комплексная
942 _2udc
_cBK
090 _c563415
999 _c526056
_d526056